Operations and supply chain management / (Record no. 867)
| 000 -LEADER | |
|---|---|
| fixed length control field | 00671nam a22002177a 4500 |
| 003 - CONTROL NUMBER IDENTIFIER | |
| control field | OSt |
| 005 - DATE AND TIME OF LATEST TRANSACTION | |
| control field | 20140116120840.0 |
| 008 - FIXED-LENGTH DATA ELEMENTS--GENERAL INFORMATION | |
| fixed length control field | 120126t xxu||||| |||| 00| 0 eng d |
| 020 ## - INTERNATIONAL STANDARD BOOK NUMBER | |
| International Standard Book Number | 9780071220903 |
| 050 ## - LIBRARY OF CONGRESS CALL NUMBER | |
| Classification number | TS155.J33 2011 |
| 100 ## - MAIN ENTRY--PERSONAL NAME | |
| Personal name | Jacobs, F. Robert. |
| 245 ## - TITLE STATEMENT | |
| Title | Operations and supply chain management / |
| Statement of responsibility, etc | F. Robert Jacobs and Richard B. Chase. |
| 250 ## - EDITION STATEMENT | |
| Edition statement | 13th ed. |
| 260 ## - PUBLICATION, DISTRIBUTION, ETC. (IMPRINT) | |
| Place of publication, distribution, etc | New York : |
| Name of publisher, distributor, etc | McGraw-Hill, Irwin, |
| Date of publication, distribution, etc | 2011 . |
| 300 ## - PHYSICAL DESCRIPTION | |
| Extent | 829 p. : |
| Other physical details | ill. |
| 440 ## - SERIES STATEMENT/ADDED ENTRY--TITLE | |
| Title | The McGraw-Hill/Irwin series |
| 504 ## - BIBLIOGRAPHY, ETC. NOTE | |
| Bibliography, etc | Includes bibliographical references and index. |
| 650 ## - SUBJECT ADDED ENTRY--TOPICAL TERM | |
| Topical term or geographic name as entry element | Production management. |
| 700 ## - ADDED ENTRY--PERSONAL NAME | |
| Personal name | Chase, Richard B. |
| 942 ## - ADDED ENTRY ELEMENTS (KOHA) | |
| Source of classification or shelving scheme | |
| Koha item type | Book |
| Withdrawn status | Lost status | Source of classification or shelving scheme | Damaged status | Not for loan | Home library | Current library | Date acquired | Total Checkouts | Full call number | Barcode | Date last seen | Date checked out | Copy number | Price effective from | Koha item type | Total Renewals |
|---|---|---|---|---|---|---|---|---|---|---|---|---|---|---|---|---|
| Riara University Library | Riara University Library | 26/01/2012 | 5 | TS155.J33 2011 | 3058/11 | 27/05/2016 | 18/05/2016 | C.1 | 26/01/2012 | Book | ||||||
| Riara University Library | Riara University Library | 26/01/2012 | 5 | TS155.J33 2011 | 3057/11 | 25/02/2016 | 17/02/2016 | C.2 | 26/01/2012 | Book | ||||||
| Riara University Library | Riara University Library | 26/01/2012 | 13 | TS155.J33 2011 | 3059/11 | 26/07/2018 | 24/07/2018 | C.3 | 26/01/2012 | Book | 2 |
